000 008170000a22002050004500
041 0 _aSPA
082 0 4 _aG 173.6 D6351a
100 1 _aDobson, James C. (1936-)
245 1 0 _aAtrévete a disciplinar / James Dobson ; Edwin Sipowicz, Traductor
260 _aMiami, FL., USA : Vida
300 _a223 Pag.
500 _aTítulo original : Dare to discipline
505 0 0 _aEnseñar a los niños a ser respetuosos y responsables -- las herramientas milagrosas -- disciplina en las aulas -- las barreras a la enseñanza -- disciplina en la moralidad -- la disciplina se fue a pique -- un momento dedicado a mamá
650 1 4 _aCRIANZA DE NIÑOS \ DISCIPLINA INFANTIL
001 1305
942 _cBK
999 _c32628
_d32628
336 _atexto
_btxt
_2rdacontent
337 _2rdamedia
_asin mediación
_bn
338 _2rdacarrier
_avolumen
_bnc